000 01206naa a22003377u 4500
001 07005
003 HDC
007 cr bn ---aaaaa
008 210126s2006 ilu eng
040 _aHDC
245 0 _aLipid Analysis and Lipidomics: New Techniques and Applications /
_ceditors Magdi M. Mossoba ... [and 3 others]
260 _aChampaign, Illinois :
_bAOCS Press,
_c2006
300 _a6 pages
336 _atext
_2rdacontent
337 _acomputer
_2rdamedia
338 _aonline resource
_2rdacarrier
500 _aOriginal from book
650 _aChromatographic analysis
_97496
650 _aChromatography
_xmethods
_97498
650 _aLipids
_xAnalysis
_97495
650 _aLipids
_xanalysis
_97497
650 _aSpectrum Analysis
_xmethods
_97499
700 _aBrenna, J. Thomas,
_eeditor
_97501
700 _aKramer, John K.G.,
_eeditor
_97500
700 _aMcDonald, Richard E.,
_eeditor
_97502
700 _aMossoba, Magdi M.,
_eeditor
_97304
856 _zRequest full-text at [email protected]
942 _2lcc
942 _cCHAP
942 _kEBCH 000408
999 _c4329
_d4329